<?xml version="1.0" encoding="UTF-8"?>
<marc:record xmlns:marc="http://www.loc.gov/MARC21/slim">
   <marc:leader>00000nam a2200000 a 4500</marc:leader>
   <marc:datafield ind1="1" ind2=" " tag="100">
      <marc:subfield code="a">Tielmann, Christian</marc:subfield>
      <marc:subfield code="4">aut</marc:subfield>
      <marc:subfield code="e">Verfasser/-in</marc:subfield>
   </marc:datafield>
   <marc:datafield ind1=" " ind2=" " tag="653">
      <marc:subfield code="a">Antolin</marc:subfield>
   </marc:datafield>
   <marc:datafield ind1=" " ind2=" " tag="653">
      <marc:subfield code="a">Klasse-3</marc:subfield>
   </marc:datafield>
   <marc:datafield ind1="0" ind2="0" tag="245">
      <marc:subfield code="a">Die Kakerlakenbande - In der Mauer auf der Lauer</marc:subfield>
   </marc:datafield>
   <marc:datafield ind1="0" ind2="0" tag="245">
      <marc:subfield code="b">Band 2</marc:subfield>
   </marc:datafield>
   <marc:datafield ind1="0" ind2="0" tag="245">
      <marc:subfield code="c">Christian Tielmann</marc:subfield>
   </marc:datafield>
   <marc:datafield ind1=" " ind2="1" tag="264">
      <marc:subfield code="b">FISCHER KJB</marc:subfield>
      <marc:subfield code="c">2019</marc:subfield>
   </marc:datafield>
   <marc:datafield ind1="1" ind2=" " tag="490">
      <marc:subfield code="a">Die Kakerlakenbande / Christian Tielmann</marc:subfield>
   </marc:datafield>
   <marc:datafield ind1="1" ind2=" " tag="520">
      <marc:subfield code="a">Kakerlak Karate platzt fast vor Aufregung: Am Freitag hat das Menschenmädchen Geburtstag! Da backt die Menschenfrau einen Schokoladenkuchen. Und Schokoladenkuchen, das weiß Karate ganz genau, ist das Beste, was es gibt auf dieser Welt. Bloß wollen diese fürchterlichen Menschen Karate und seinen treuen Freunden, dem quirligen Floh Sprungbein und der verträumten Kopflaus Liane, nie etwas abgeben. Was also tun? Karate wäre nicht Karate, wenn er nicht kurzerhand seine Gefährten in einen genialen Plan einweihen würde, in dem drei dümmliche Goldfische eine entscheidende Rolle spielen sollen ...##Mechthild Großmann, bekannt aus dem Münsteraner "Tatort", hat eine Schwäche für abseitige Insekten mit Charakter. Mit dem ihr eigenen schrägen Humor lässt sie die Viecher durch die Mauerritzen sausen.</marc:subfield>
   </marc:datafield>
   <marc:datafield ind1=" " ind2=" " tag="020">
      <marc:subfield code="a">9783737341141</marc:subfield>
      <marc:subfield code="9">9783737341141</marc:subfield>
   </marc:datafield>
   <marc:datafield ind1=" " ind2=" " tag="041">
      <marc:subfield code="a">ger</marc:subfield>
   </marc:datafield>
</marc:record>
